[Event "Politiken Cup 33rd"]
[Site "Helsingor"]
[Date "2011.08.04"]
[Round "7"]
[White "Johannessen, Leif Erlend"]
[Black "Berg, Emanuel"]
[Result "0-1"]
[WhiteElo "2496"]
[BlackElo "2604"]
[Annotator "Berg,E"]
[PlyCount "68"]
[EventDate "2011.07.30"]
[EventType "swiss"]
[EventRounds "10"]
[EventCountry "DEN"]
[SourceTitle "CBM 143 Extra"]
[Source "ChessBase"]
[SourceDate "2011.08.29"]
[SourceVersion "1"]
[SourceVersionDate "2011.08.29"]
[SourceQuality "1"]

1. d4 Nf6 2. c4 g6 3. Nc3 Bg7 4. e4 d6 5. f3 O-O 6. Bg5 c5 ({Earlier in the
summer I tried the continuation} 6... a6 7. Qd2 c6 8. O-O-O b5 {with a very
sharp game in 0-1 Hetey,L (2337)-Berg,E. (2608)/Maastricht 2011/[Berg,Emanuel]
(47) Although I won that game I felt it was very risky. I was not ready to try
it again, especially not against a well prepared grandmaster.}) 7. d5 e6 8. Qd2
exd5 9. cxd5 (9. Nxd5 {is well met by} Be6 {when Black is doing fine
theoretically. Black can now exchange off the d5 N for his e6 B and the b8 N
has a nice outpost on d4.}) 9... h6 {This is an impotant tactical theme in
this line of the Sämisch King's Indian. Since White has weakened himelf with
the move f2-f3 Black can meet the capture on h6 by the temporary piece
sacrifice ..Nxe4 followed by ...Qh4+ regaining the h6 B.} 10. Be3 ({The
forcing line} 10. Bxh6 Nxe4 11. Nxe4 Qh4+ 12. g3 Qxh6 13. Qxh6 Bxh6 14. Nxd6 {
gives White an extra pawn for the time being, but as proven by Gelfand among
others Black has full compensation. The absence of White's dark squared B
causes him a lot of trouble. Here the best continuation seems to be} Nd7 {
starting an attack against White's weak d5 P.} {The game Dreev-Gelfand,
Tilburg 1993 continued} 15. f4 Nb6 16. O-O-O Rd8 17. Nxc8 Raxc8 18. Bh3 f5 19.
Ne2 Bg7 20. g4 Rxd5 21. gxf5 gxf5 22. Bg2 (22. Rxd5 Nxd5 23. Bxf5 {keeps the
extra pawn for the moment, but after} Re8 {Black has enough active counterplay
to compensate}) 22... Rxd1+ 23. Rxd1 {1/2-1/2 Dreev,A (2570)-Gelfand,B (2670)/
Tilburg 1993/CBM 039 (42). With approximate equality and the game later on
ended in a draw.}) ({The exceptional move} 10. Bf4 {is worth mentioning since
it has been played by GM Lautier in a few games with good results. In some
particular lines it can be an advantage having the B on f4 rather than e3, but
it can also be the other way round.}) 10... a6 11. a4 Re8 12. Nge2 h5 {It is
still possible to postpone this move for a while, starting with} (12... Nbd7 {
but then Black always has to be prepared for Bxh6.}) 13. Nc1 {This move is by
far the most popular here, although a few others have been tried in practice
as well.} ({One interesting regrouping manoeuvre worth mentioning is} 13. Nd1
Nbd7 14. Nec3 {followed by Nf2 at some point.}) 13... Nbd7 14. Be2 Nh7 $1 {
Black prepares the breakthrough ...f5 ,attacking White's pawn centre.} 15. O-O
{This natural move allows Black to complete the ...f5-break immediately.
Purely statistically, the move} (15. Nd3 {scores much better, but it's hard to
believe the difference should be that big. I think it's rather a matter of
taste and the concrete move order should depend on which plan White likes to
choose next. Both moves have their pros and cons. Now after} Ne5 {White has
always continued} 16. Nf2 {while in the game the route Nd3-f4 is more relevant.
}) 15... f5 16. Kh1 $6 {After the game we concluded in the postmortem that
this move was a slight inaccuracy after which Black gets an easy game.} ({
Correct was} 16. Nd3 Ne5 (16... Ndf6 $6 {has been played in the one and only
game from this position, but this is a slight inaccuracy that would have given
White an initiative after} 17. e5 $1 ({Instead the game continued} 17. Nf2 {
with a approximately level game in 0-1 Kludacz,M (2209)-Vesselovsky,S (2444)/
Stare Mesto 2003/CBM 095 ext (56)}) 17... dxe5 18. Nxc5 $14 {White's passed
d-pawn and well coordinated pieces gives an advantage and the advancing black
pawns on the kingside are rather more weakening for his own king than
effective in creating any threats to the white monarch.}) 17. Nf2 {transposing
to well known theory usually reached from the move order 15.Nd3 Ne5 16.Nf2 f5}
({However here there is also the independent option} 17. Nf4 {when Ne6 becomes
an interesting option for White in the near future. This is certainly
something that speaks for the move order with 15.0-0.})) 16... Ndf6 $146 {
A very natural move, putting pressure against the e4-pawn, before White
manages to get his N around from c1 to f2.} ({Earlier games have seen} 16...
Ne5 {1-0 Poecksteiner,J (2194)-Moldobaev,E (2404)/Dos Hermanas 2003/EXT 2004 
(67)}) ({as well as} 16... fxe4 {0-1 Malfagia,A (2244)-Mrdja,M (2408)/
Correggio 2007/EXT 2010 (53)}) 17. exf5 {This move helps Black's development
and as the game proceeds this move in combination with the next one seems to
be the wrong way to play the position.} ({Supporting e4 with} 17. Bd3 {was a
possible option when Black should continue} fxe4 18. Nxe4 Nxe4 19. Bxe4 Qf6 {
with a comfortable game.}) 17... Bxf5 18. Bc4 $6 ({Challenging the black B with
} 18. Bd3 {would have been a wiser decision when Black's counterplay on the
kingside will not come as quickly as it does in the game.}) 18... h4 $1 {
Black prepares to put his N on h5 and at some point in the near future ...h3
will become a serious option.} 19. Nd3 Nh5 {Creating the threat of ...Ng3+} 20.
Bf2 $6 {This move prevents ...Ng3+, but takes away the important f2-square for
the N on d3. White was already having a difficult position, but} (20. Rfe1 {
seems to be a better choice. Now after} Qf6 ({Here} 20... Ng3+ {doesn't bring
anything since White can simply reject the offer playing} 21. Kg1 {and now the
only logical continuation} Rxe3 22. Rxe3 Bd4 {is interesting, but doesn't look
entirely sound.} 23. hxg3 hxg3 24. Ne2 Qh4 25. Ndf4 Rf8 26. Nxd4 cxd4 27. Ree1
Ng5 28. Kf1 Be4 29. Ke2 Nxf3 30. gxf3 Rxf4 31. fxe4 Rf2+ 32. Kd1 Rxd2+ 33. Kxd2
g2 34. Rad1 Kf8 35. Rg1 Qf2+ 36. Kc1 Ke7 37. Bd3 g5 38. Rde1 $11 {Houdini}) 21.
Nf2 h3 $36 {Black has an initiative, but White is better coordinated compared
to the game, e.g.} 22. Nfe4 hxg2+ 23. Qxg2 {and here the damage of White's
pawn structure at least doesn't put his king in any immediate trouble.}) 20...
Qf6 $1 {Simple and strong. Black develops his Q and prepars for the ...h3
break. My first intention at the board was to play} (20... Bd4 $5 {in order to
force an exchange of the dark squared bishops. The idea in general is
interesting since White will be weak on the dark squares, but right here White
is doing fine after} 21. Bxd4 (21. Rae1 {is another option, just keeping the
tension.}) 21... cxd4 22. Ne4 $1 {It's very important for White not to move to
the wrong square.} (22. Ne2 $4 {looses immediately to} Rxe2 23. Qxe2 Ng3+ 24.
hxg3 hxg3 $19 {forcing a checkmate or huge matirial losses for White.}) (22.
Nd1 $2 Rc8 $1 23. b3 Ng3+ 24. hxg3 hxg3 25. Qf4 Rxc4 26. bxc4 Bxd3 27. Kg1 Qg5
28. Qxg5 Nxg5 $15 {gives Black a favourable ending.}) 22... Bxe4 23. fxe4 Qg5
$132) 21. Rae1 $2 {This move gives Black a clear advantage and a won game in
the long run. However it was already very difficult to find any defence for
White, but perhaps the strange looking} (21. Qd1 {would escape the worst for
White. The main point is of course that now f3 is protected and ...h3 doesn't
bring much for Black.}) 21... h3 $1 22. Ne4 (22. g3 Ng5 $17) (22. Rxe8+ Rxe8
23. Ne1 hxg2+ 24. Nxg2 Bh3 {would not save White either.} 25. Be3 (25. Bg3 Ng5
$17) 25... Bxg2+ 26. Kxg2 Qh4 27. Bd3 Be5 28. Kg1 Nf4 $17) 22... hxg2+ 23. Kxg2
Bh3+ $1 (23... Rxe4 24. fxe4 Bh3+ 25. Kxh3 {reach the same position as in the
game by transposition.} (25. Kg1 Qf3 26. Bxc5 Qg4+ 27. Kh1 Bxf1 $19)) 24. Kxh3
Rxe4 25. fxe4 Ng5+ 26. Qxg5 $8 {The only way to keep the game going} (26. Kg4
Qf3+ 27. Kxg5 Bf6+ 28. Kh6 Qg4 (28... Kf7 29. Ne5+ Bxe5 30. Bd4 Rh8+ 31. Kg5
Nf6 32. Rxf3 Rh5#) 29. Bd4 Nf4 {[%csl Rh6][%cal Gg4h5,Gf6g5,Gg4g5] with mate
to follow on the next move.}) 26... Qxg5 27. Bh4 Qh6 28. Kg2 Bd4 $1 29. e5 (29.
Be7 Qd2+ 30. Kh1 Qc2 31. Rc1 Qxa4 32. Bxd6 b5 $19 {[%csl Rc4]}) 29... g5 30.
Bg3 (30. Bf2 Bxe5 $1 31. Nxe5 Nf4+ 32. Kh1 dxe5 33. Bxc5 Qh4 $1 34. Be7 (34. b3
b5 35. axb5 axb5 36. Bxb5 Ra2 $19) (34. d6+ Kg7 35. b3 Qh3 36. Rf2 b5 $1 $19)
34... Nh5 35. b3 Ng3+ $19) 30... Nxg3 (30... b5 $5 31. axb5 axb5 32. Bxb5 Nxg3
33. hxg3 g4 34. Nf2 (34. Nf4 dxe5 35. Rh1 Qb6 $19)) 31. hxg3 g4 32. Nf4 Bxe5
33. Rxe5 (33. Rh1 Qg7 $19) 33... dxe5 34. d6+ Kh8 $1 (34... Kh8 35. Rh1 Qxh1+
36. Kxh1 exf4 37. gxf4 Rd8 $19) 0-1

[Event "World Cup"]
[Site "Skelleftea"]
[Date "1989.08.??"]
[Round "13"]
[White "Seirawan, Yasser"]
[Black "Kasparov, Garry"]
[Result "1/2-1/2"]
[WhiteElo "2585"]
[BlackElo "2775"]
[Annotator "Bulletin"]
[PlyCount "86"]
[EventDate "1989.08.??"]
[EventType "tourn"]
[EventRounds "15"]
[EventCountry "SWE"]
[EventCategory "16"]
[SourceTitle "CBM 014"]
[Source "ChessBase"]
[SourceDate "1990.02.01"]
[SourceVersion "1"]
[SourceVersionDate "1990.02.01"]
[SourceQuality "1"]

1. d4 Nf6 2. c4 g6 3. Nc3 Bg7 4. e4 d6 5. Be2 O-O 6. Bg5 c5 7. d5 h6 8. Be3 e6
9. Qd2 exd5 10. cxd5 Re8 11. f3 h5 {'!' Bulletin.} 12. a4 a6 13. a5 Nh7 14. Bd1
Nd7 15. Nge2 Ne5 16. b3 Qh4+ 17. Bf2 Qf6 (17... Ng5 $2 18. Nc1 $1) 18. Qe3 h4 {
'!' Bulletin.} 19. h3 g5 20. O-O Bd7 21. Kh1 Nf8 22. Bg1 Nfg6 23. Bh2 c4 {
'!?' Bulletin.} (23... Bb5 $5) 24. Rb1 Rac8 25. Qa7 Nf4 26. bxc4 (26. Bxf4)
26... Nxc4 27. Rxb7 Nd2 28. Rg1 Nxh3 {'!' Bulletin.} (28... Nd3 29. Rxd7 Rxc3
30. Bxd6 Rcc8) 29. e5 (29. Rxd7 Ra8 30. Qb6 Nc4 31. gxh3 Nxb6 32. axb6 Qxf3+
33. Rg2 Bxc3 34. Nxc3 Qxc3 35. Rxg5+ Kh8 36. Rxf7 Rxe4) 29... Rxe5 (29... Qf5)
30. Rxd7 Nxg1 31. Qxg1 Ree8 (31... Re7 32. Rxd6 Qf5 33. Rc6 Bxc3 34. Rxc3 Rce8
35. d6 Rxe2 36. Bxe2 Rxe2 37. Qc5 Re1+ 38. Bg1 Nxf3 39. Qc8+ Kg7 40. gxf3 $1)
32. Rxd6 Qf5 33. Ba4 Qd3 34. Bxe8 Rxe8 35. Rc6 h3 36. Bg3 (36. Qf2 Re3 {/\ Nxf3
}) 36... hxg2+ (36... Bxc3 $1 37. Nxc3 Nf1 38. Bf2 h2 $1) 37. Qxg2 Nxf3 38. d6
Re6 39. Qf2 g4 40. Rc8+ Kh7 41. Nf4 Rh6+ 42. Kg2 Ne1+ 43. Kg1 Nf3+ 1/2-1/2

[Event "ROM-chT"]
[Site "Sovata"]
[Date "1998.??.??"]
[Round "4"]
[White "Zhukova, Natalia"]
[Black "Vajda, Szidonia"]
[Result "1-0"]
[WhiteElo "2395"]
[BlackElo "2325"]
[Annotator "Bulletin"]
[PlyCount "85"]
[EventDate "1998.??.??"]
[EventType "team"]
[EventRounds "5"]
[EventCountry "ROU"]
[SourceTitle "EXT 1999"]
[Source "ChessBase"]
[SourceDate "1998.11.16"]
[SourceVersion "1"]
[SourceVersionDate "1998.11.16"]
[SourceQuality "1"]

1. d4 g6 2. c4 c5 3. Nc3 Bg7 4. d5 d6 5. e4 Nf6 6. Bd3 O-O 7. Nge2 e6 8. O-O
exd5 9. cxd5 Re8 10. Bg5 h6 11. Bh4 Nbd7 12. f4 Qb6 13. Kh1 a6 $2 (13... c4 14.
Bc2 (14. Bxc4 Nxe4 15. Nxe4 Rxe4) 14... Nc5 $132 (14... Qxb2 15. Rb1 Qa3 16.
Nb5 Qa5 17. Nxd6 $16)) (13... Qxb2 14. Rb1 Qa3 15. Nb5 Qxa2 16. Nxd6 $16) 14.
b3 $16 Qc7 15. a4 Rb8 16. Qc2 c4 17. bxc4 Nc5 18. Rae1 Bg4 19. e5 dxe5 20. fxe5
Qxe5 21. Bg3 Qe3 22. Nc1 Qg5 23. Bxb8 Rxb8 24. Nb3 Nxd3 25. Qxd3 Bf5 26. Qd2
Qh4 27. Qf4 Qxf4 28. Rxf4 Ng4 29. Nd4 g5 30. Rxf5 Bxd4 31. Nd1 Nf6 32. Ne3 Ne4
33. g3 Nd6 34. Rff1 Bc3 35. Rd1 Re8 36. c5 Ne4 37. c6 bxc6 38. dxc6 Rc8 39. Nd5
Kf8 40. Nxc3 Nxc3 41. Rd7 Rxc6 42. Rdxf7+ Kg8 43. R7f6 1-0

[Event "EU-chT (Men) 10th"]
[Site "Debrecen"]
[Date "1992.11.??"]
[Round "6.2"]
[White "Varga, Zoltan"]
[Black "Apicella, Manuel"]
[Result "1-0"]
[WhiteElo "2410"]
[BlackElo "2435"]
[Annotator "Bulletin"]
[PlyCount "121"]
[EventDate "1992.11.20"]
[EventType "team-swiss"]
[EventRounds "9"]
[EventCountry "HUN"]
[SourceTitle "EU-chT"]
[Source "ChessBase"]
[SourceDate "1999.07.01"]
[SourceVersion "2"]
[SourceVersionDate "1999.07.01"]
[SourceQuality "1"]
[WhiteTeam "Hungary III"]
[BlackTeam "France"]
[WhiteTeamCountry "HUN"]
[BlackTeamCountry "FRA"]

1. d4 Nf6 2. c4 g6 3. Nc3 Bg7 4. e4 d6 5. f3 O-O 6. Bg5 c5 7. d5 e6 8. Qd2 exd5
9. cxd5 Re8 10. Nge2 a6 11. Ng3 Nbd7 (11... b5 12. a4 b4 13. Nd1 a5 {/\ Ba6=})
12. Be2 Qa5 (12... b5 $142) 13. O-O $5 (13. a4) 13... h5 14. Rfc1 Nh7 15. Be3
Ne5 (15... f5 $5 16. Bf2 h4 17. Nf1 fxe4 18. fxe4 h3 19. gxh3 $44) 16. a3 Qd8
17. b4 $14 b6 18. Rab1 h4 19. Nh1 f5 20. Nf2 Nf6 21. bxc5 bxc5 22. Bh6 fxe4 23.
Ncxe4 Nxe4 (23... Ra7 $5) 24. Nxe4 h3 25. Bxg7 Kxg7 26. Qc3 $1 Bf5 (26... g5
27. g3 $16) 27. Rb7+ Re7 (27... Kg8 28. Qe3 Nf7 29. Bd3 {/\ Qf4->}) 28. Nxd6 $1
Qxd6 29. Rxe7+ Qxe7 30. f4 Re8 31. Bf3 Kf8 $2 (31... Qf6 $8 32. fxe5 Rxe5 33.
Qxc5 $14) 32. fxe5 Qxe5 33. Qxe5 Rxe5 34. g4 $1 Bd7 35. Kf2 $18 Ke7 36. Rxc5
Kd6 37. Rc3 Re8 38. Kg3 Rh8 39. Rb3 Bb5 40. a4 $1 Bxa4 41. Rb6+ Kd7 42. Rxa6
Bc2 43. g5 Bd3 44. Bg4+ Kc7 45. d6+ Kb7 46. Ra3 Bb5 47. Re3 Kc6 48. Re6 Bd3 49.
Rf6 Rb8 50. Bxh3 Rb3 51. d7+ Kc7 52. Rf3 Bc4 53. Rxb3 Bxb3 54. Kf4 Kd8 55. Ke5
Ke7 56. Be6 Ba4 57. h4 Bb5 58. d8=Q+ Kxd8 59. Kf6 Ke8 60. Bf7+ Kf8 61. Kxg6 1-0

[Event "YUG Cup"]
[Site "Ulcinj"]
[Date "1998.??.??"]
[Round "3"]
[White "Atalik, Suat"]
[Black "Velimirovic, Dragoljub"]
[Result "0-1"]
[WhiteElo "2595"]
[BlackElo "2535"]
[Annotator "Bulletin"]
[PlyCount "68"]
[EventDate "1998.??.??"]
[EventType "team"]
[EventRounds "7"]
[EventCountry "YUG"]
[SourceTitle "EXT 1999"]
[Source "ChessBase"]
[SourceDate "1998.11.16"]
[SourceVersion "1"]
[SourceVersionDate "1998.11.16"]
[SourceQuality "1"]

1. d4 Nf6 2. c4 c5 3. d5 e6 4. Nc3 exd5 5. cxd5 d6 6. e4 g6 7. Bd3 Bg7 8. h3
O-O 9. Bg5 Re8 10. Nge2 Nbd7 11. O-O a6 12. a4 h6 13. Bh4 g5 14. Bg3 c4 15. Bc2
Nc5 16. f3 Nh5 17. Bf2 Nf4 18. Nxf4 gxf4 19. Qd2 Qg5 20. h4 Qe5 21. Kh1 Bd7 22.
Rg1 b5 23. g3 Qh5 24. g4 Qe5 25. g5 h5 26. g6 f5 27. axb5 fxe4 28. Bxc5 dxc5
29. Bxe4 axb5 30. Rxa8 Rxa8 31. d6 Ra6 32. Rg5 Qd4 33. Qxf4 Ra1+ 34. Nb1 $4 (
34. Kh2 $8 Be6 35. Nd5 $1 Qxb2+ 36. Rg2 $8 Qe5 37. Rg5 Qb2+ $11) 34... Rxb1+
0-1

[Event "Blagoevgrad Kirov Memorial 2nd"]
[Site "Blagoevgrad"]
[Date "2010.01.16"]
[Round "8"]
[White "Bratanov, Zsivko"]
[Black "Petrov, Marian"]
[Result "0-1"]
[WhiteElo "2463"]
[BlackElo "2500"]
[Annotator "CB"]
[PlyCount "106"]
[EventDate "2010.01.11"]
[EventType "swiss"]
[EventRounds "9"]
[EventCountry "BUL"]
[SourceTitle "CBM 134 Extra"]
[Source "ChessBase"]
[SourceDate "2010.03.03"]
[SourceVersion "1"]
[SourceVersionDate "2010.03.03"]
[SourceQuality "1"]

1. d4 c5 2. d5 g6 3. c4 Bg7 4. Nc3 d6 5. e4 e6 6. Nge2 Nf6 7. Ng3 O-O 8. Be2 a6
9. a4 exd5 10. cxd5 Nbd7 11. O-O Re8 12. Bg5 h6 13. Be3 Rb8 14. Qd2 h5 15. f3
Nh7 16. Nh1 Ne5 17. Nf2 Bd7 18. a5 f5 19. b4 cxb4 20. Na4 Bb5 21. Nb6 Bxe2 22.
Qxe2 fxe4 23. Nxe4 Ng4 24. Rab1 Nxe3 25. Qxe3 Nf6 26. Rxb4 Nxe4 27. Rxe4 Rxe4
28. Qxe4 Qe8 29. Qd3 Kh7 30. f4 Qb5 31. Qxb5 Bd4+ 32. Kh1 axb5 33. g3 b4 34.
Rb1 Bc5 35. Re1 Kg8 36. Nd7 Ra8 37. Nxc5 dxc5 38. d6 Kf7 39. Re5 c4 {Diagram #}
40. Rb5 $2 (40. Re4 $11) 40... b3 41. Rxb7+ Ke6 42. d7 Ke7 43. Kg2 Rxa5 44. Kf3
Rd5 45. Rb4 Rc5 46. Ke2 Kxd7 47. Kd1 Ke6 48. Kc1 Kd5 49. Rb8 Kd4 50. h3 Ra5 51.
Kb1 Ra2 52. Rd8+ Kc3 53. Re8 Kd2 0-1

[Event "Rilton Cup 45th"]
[Site "Stockholm"]
[Date "2016.01.01"]
[Round "5"]
[White "Semcesen, Daniel"]
[Black "Hillarp Persson, Tiger"]
[Result "0-1"]
[WhiteElo "2431"]
[BlackElo "2521"]
[Annotator "CB"]
[PlyCount "62"]
[EventDate "2015.12.27"]
[EventType "swiss"]
[EventRounds "9"]
[EventCountry "SWE"]
[SourceTitle "CBM 170 Extra"]
[Source "ChessBase"]
[SourceDate "2016.02.25"]
[SourceVersion "1"]
[SourceVersionDate "2016.02.25"]
[SourceQuality "1"]

1. d4 Nf6 2. c4 e6 3. Nc3 c5 4. d5 exd5 5. cxd5 d6 6. e4 g6 7. f3 $6 {leitet
einen sehr ambitionierten Plan ein, doch so leicht ist Benoni dann auch nicht
zu widerlegen.} Bg7 8. Bg5 O-O 9. Qd2 {über Zugumstellung sind wir in einer
Stellung gelandet, die häufiger aus der Sämisch-Variante im Königsinder
erreicht wird.} a6 10. a4 Qa5 11. Ra3 Re8 12. Be2 $6 {spätestens hier sollte
Weiß beginnen, an die Sicherheit des eigenen Königs zu denken und mit Se2-Sg3
nebst Le2 die Rochade ermöglichen.} (12. Nge2 Nbd7 13. Ng3 $13) 12... h5 $5 (
12... Nbd7 $6 {hätte das Zurückhalten des Problemkinds auf g1 belohnt} 13. Nh3
{[%cal Gh3f2]}) 13. h4 Qc7 14. Nh3 Bxh3 15. Rxh3 {als Faustregel gilt, dass
Schwarz im Benoni ok steht, wenn ihm der Tausch von einer Leichtfigur gelingt.}
Nbd7 16. g3 $6 c4 17. Kf1 Nc5 18. Kg2 Rab8 $17 {alle schwarzen Figuren stehen
optimal, die folgenden Züge gehen leicht von der Hand, während Weiß zum
Rückzug gezwungen ist.} 19. Be3 b5 20. axb5 axb5 21. Nd1 b4 22. Ra2 b3 23. Ra1
{Diagramm [#]} Nfxe4 $1 {die Stellung schreit förmlich nach diesem Einschlag.
Weiß ist geschlagen...} 24. fxe4 Nxe4 25. Qc1 c3 26. Ra7 Rb7 27. Rxb7 Qxb7 28.
bxc3 Nxc3 29. Nxc3 b2 30. Qg1 Bxc3 31. Rh1 Bd2 0-1

[Event "POL-chT 50th"]
[Site "Lubniewice"]
[Date "1994.??.??"]
[Round "2"]
[White "Chekhov, Valery A"]
[Black "Murdzia, Piotr"]
[Result "1-0"]
[WhiteElo "2490"]
[BlackElo "2430"]
[Annotator "Chekhov,V"]
[PlyCount "55"]
[EventDate "1994.09.22"]
[EventType "team-tourn"]
[EventRounds "11"]
[EventCountry "POL"]
[SourceTitle "CBM 044"]
[Source "ChessBase"]
[SourceDate "1995.02.01"]
[SourceVersion "1"]
[SourceVersionDate "1995.02.01"]
[SourceQuality "1"]
[WhiteTeam "Zabrze Gornik"]
[BlackTeam "Gdansk Gedania"]
[WhiteTeamCountry "POL"]
[BlackTeamCountry "POL"]

1. d4 Nf6 2. c4 c5 3. d5 d6 4. Nc3 g6 5. e4 Bg7 6. Bd3 O-O 7. Nge2 e6 8. O-O
exd5 9. cxd5 Ng4 10. h3 Ne5 11. Bc2 Na6 12. f4 Nd7 $1 (12... Nc4 13. Bd3 Na5
14. Ng3 c4 15. Be2 Nc5 16. Be3 $14) 13. Ng3 $5 $146 (13. Be3 Rb8 14. Qd2 b5 15.
Rae1 b4 16. Nd1 Nc7 17. b3 Ba6 $13 {Chekhov,V-Stajcic,N/Kecskemet/1991/}) 13...
Rb8 14. Kh1 $1 b5 (14... Nc7 $5 15. a4 a6) 15. a4 bxa4 (15... b4 $2 16. Nb5 Qb6
17. Bd3 $14) 16. Bxa4 Rb4 $6 (16... Nb4 17. Bb5 $1 a6 (17... Bxc3 18. bxc3 Rxb5
19. cxb4 $16) 18. Be2 $14) (16... Nc7 $5 17. Bxd7 Bxd7 18. Rxa7 Nb5 19. Nxb5
Bxb5 20. Re1 Qh4 $146) 17. Bxd7 $1 Qxd7 18. f5 Be5 (18... Qd8 19. Qf3) 19. Bf4
$1 Bg7 $6 (19... Rxb2 20. Bxe5 dxe5 21. Qc1 Rb3 22. Qh6 f6 23. fxg6 hxg6 24.
Qxg6+ Qg7 25. Qxg7+ Kxg7 26. Nce2 $16) (19... Bxf4 $5 20. Rxf4 Qe7 (20... Rxb2
21. Qc1 Rb3 22. f6 $40) 21. f6 Qe5 22. Rf3 Qg5 $1) 20. Qd2 $1 Rd4 21. Qe2 Nb4
22. Nb5 $1 $18 Rd3 23. Nxd6 g5 24. Nh5 gxf4 25. Qg4 Rg3 (25... f6 26. Nxc8 Rxc8
27. Nxf6+) 26. Qxf4 Rg6 27. fxg6 fxg6 28. Qxf8+ $1 1-0

[Event "EU-ch 10th"]
[Site "Budva"]
[Date "2009.03.14"]
[Round "8"]
[White "Tomashevsky, Evgeny"]
[Black "Shomoev, Anton"]
[Result "1-0"]
[WhiteElo "2664"]
[BlackElo "2567"]
[Annotator "ChessBase"]
[PlyCount "61"]
[EventDate "2009.03.06"]
[EventType "swiss"]
[EventRounds "11"]
[EventCountry "MNE"]
[SourceTitle "CBM 130"]
[Source "ChessBase"]
[SourceDate "2009.05.20"]
[SourceVersion "1"]
[SourceVersionDate "2009.05.20"]
[SourceQuality "1"]

1. c4 g6 2. e4 Bg7 3. d4 d6 4. Nc3 Nf6 5. f3 O-O 6. Be3 c5 {Dies gilt als eine
der stärksten Varianten gegen das Sämisch-System.} 7. Nge2 {Es hat sich
gezeigt, dass Weiß mit der Annahme des Bauernopfers durch 7.dxc5 keinen
Vorteil erlangen kann.} Nc6 8. d5 Ne5 9. Ng3 e6 10. Be2 exd5 11. cxd5 {Jetzt
ist der Übergang zum Modernen Benoni vollzogen.} h5 12. O-O Nh7 13. Qd2 h4 14.
Nh1 f5 15. Nf2 Bd7 {Bisher haben beide Seiten Standardzüge gemacht, die so
oder so ähnlich schon oft vorgekommen sind.} 16. Kh1 $5 a6 17. a4 Re8 $6 {
Der Turm könnte auf der f-Linie noch gebraucht werden.} 18. Rg1 $1 g5 $2 {
Dies gefällt nun endgültig nicht, bei dem irgendwann zu erwartenden g2-g3
würde der Bauer besser auf g6 stehen.} ({Eine von mehreren Möglichkeiten ist} 
18... Nf6) 19. exf5 Bxf5 20. Rae1 Rc8 21. Nce4 Nf7 22. Bd3 {Es droht 23.Nxg5.}
Re5 $6 {Der Druck auf d5 ist nicht stark genug, um die gefährdete Aufstellung
des Turmes zu rechtfertigen.} ({Etwas besser ist} 22... Qd7 {aber Weiß spielt}
23. Bc2 {und anschließend g2-g3.}) 23. Bc2 Qd7 24. g3 $1 Kh8 $2 {Dies verliert,
allerdings ist es fraglich, ob sich Schwarz nach} (24... hxg3 25. Rxg3 {
nebst 26.Reg1 retten kann.}) 25. gxh4 gxh4 26. Rxg7 $1 Kxg7 27. Rg1+ Kh8 ({Auch
} 27... Kf8 28. Bh6+ Ke7 29. Bg7 {überlebt Schwarz nicht lange.}) 28. f4 {
Die Schwäche der Diagonale a1-h8 erweist sich für Schwarz nun als fatal.} Rxe4
29. Bxe4 Bxe4+ 30. Nxe4 Qf5 31. Qc3+ 1-0